Una Representación de la Escuela de Bibliotecarias asiste a la Reunión de Archiveros, Bibliotecarios y Arqueólogos
Descripción Física:
Il·lustracions
Colección:
San Jorge,
; núm. 8 (octubre 1952), pàg 59-60
Materias:
Escuela de Bibliotecarias
; Reunión de Archiveros, Bibliotecarios y Arquéologos -- (1a : -- 1952 : -- Santander, Cantàbria)
Idioma:
Español
MARC
| LEADER | 00000naa a2200000 a 4500 | ||
|---|---|---|---|
| 003 | Arxiu | ||
| 005 | 20260324181044.0 | ||
| 008 | 160829s1952 spcaxx s spa c | ||
| 040 | |a agdb | ||
| 245 | 0 | 4 | |a Una Representación de la Escuela de Bibliotecarias asiste a la Reunión de Archiveros, Bibliotecarios y Arqueólogos |
| 300 | |b Il·lustracions | ||
| 490 | |a San Jorge, |v núm. 8 (octubre 1952), pàg 59-60 | ||
| 590 | |a Actualment Universitat de Barcelona. Facultat de Biblioteconomia i Documentació | ||
| 610 | 2 | 0 | |9 54611 |a Escuela de Bibliotecarias |
| 611 | 0 | |9 54725 |a Reunión de Archiveros, Bibliotecarios y Arquéologos |n (1a : |d 1952 : |c Santander, Cantàbria) | |
| 773 | |g Núm. 8 (octubre 1952), pàg 59-60 |t San Jorge. | ||
| 901 | |a Arxiu | ||
| 942 | |n 1 |2 udc |c ART | ||
| 952 | |0 0 |1 0 |4 0 |7 1 |9 64310 |a Arxiu |b Arxiu |d 2022-11-23 |o Rev-508 |r 2022-11-23 00:00:00 |w 2022-11-23 |y ARXIU |z També disponible a Rev-521 | ||
| 999 | |c 50093 |d 50093 | ||